Crónica de la lengua española 2021.

Salvato in:
Dettagli Bibliografici
Enti autori: Real Academia Española (autor), Asociación de Academias de la Lengua Española (autor)
Natura: Libro
Pubblicazione: Barcelona, España: Espasa, 2021.
Soggetti:
Tags: Aggiungi Tag
Nessun Tag, puoi essere il primo ad aggiungerne!!

MARC

LEADER 00000nam a22000007a 4500
003 CL-VaPUC
005 20240617131416.0
008 220829t2021 ||||| |||| 00| 0 eng d
999 |c 438557  |d 438555 
020 |a 978-84-670-6429-2 
040 |c Pontificia Universidad Católica de Valparaíso 
082 |2 22  |a 460 REA 2021  
110 1 |a Real Academia Española  |e autor  |9 868019 
245 |a Crónica de la lengua española 2021. 
260 |a Barcelona, España:  |b Espasa,  |c 2021. 
300 |a 1251 páginas. 
500 |a c.1 Donación Santiago Muñoz Machado. Memo Der/24. 05/07/2022 c.2. Donación Profesor Ricardo Iglesias S. Memo His/019. 29-06-2023 
583 |c 20220829  |k Catalogador Asistente 
650 0 |a Lengua española  |x Historia   |z América Latina  |9 314728 
650 0 |a Español (Lengua)  |x Historia   |z América Latina  |9 876159 
710 |a Asociación de Academias de la Lengua Española  |e autor  |9 876040 
942 |2 ddc  |c BK 
952 |0 0  |1 0  |2 ddc  |4 0  |6 460_000000000000000_REA_2021  |7 0  |8 A  |9 586470  |a BIBDER  |b BIBDER  |c GEN  |d 2022-08-29  |e Donación  |i 5654450  |o 460 REA 2021  |p 5654450  |r 2023-01-25  |t 1  |w 2022-08-29  |y BK  |k DER 
952 |0 0  |1 0  |2 ddc  |4 0  |6 460_000000000000000_REA_2021  |7 0  |8 A  |9 590873  |a BIBHIS  |b BIBHIS  |c GEN  |d 2023-07-14  |e Donación   |i 5658064  |o 460 REA 2021  |p 5658064  |r 2025-01-20  |t 2  |w 2023-07-14  |y BK  |k HIS